| Tag |
First Indicator |
Second Indicator |
Subfields |
| LEADER |
00000cam a2200000 4500 |
| 001 |
in00000060598 |
| 005 |
20151008050529.0 |
| 008 |
800430s1942 nyuabcd b 00110 engm |
| 010 |
|
|
|a 42021822
|
| 035 |
|
|
|a (OCoLC)06266594
|
| 035 |
|
|
|9 AAG1620AM
|
| 040 |
|
|
|a DLC
|c TXA
|d UtOrBLW
|
| 043 |
|
|
|a n-us-ny
|
| 049 |
|
|
|a TXAS
|c [1099698]
|
| 050 |
0 |
0 |
|a F119
|b .W23
|
| 082 |
0 |
|
|a 917.47
|
| 100 |
1 |
|
|a Wainger, Bertrand Max,
|d 1902-
|
| 245 |
1 |
0 |
|a Exploring New York State /
|c [by] Bertrand M. Wainger [and] Edith Brooks Oagley.
|
| 264 |
|
1 |
|a New York :
|b Harcourt, Brace,
|c 1942.
|
| 300 |
|
|
|a xii, 372 pages :
|b illustrations, portraits, maps, charts. ;
|c 25 cm.
|
| 336 |
|
|
|a text
|b txt
|2 rdacontent
|
| 337 |
|
|
|a unmediated
|b n
|2 rdamedia
|
| 338 |
|
|
|a volume
|b nc
|2 rdacarrier
|
| 500 |
|
|
|a Includes reproduction of painting by F. Remington, "A returning scout" (page 339).
|
| 504 |
|
|
|a "General bibliography for pupils": pages [361]-364.
|
| 651 |
|
0 |
|a New York (State)
|
| 700 |
1 |
|
|a Oagley, Edith Brooks.
|
| 700 |
1 |
|
|a Remington, Frederic,
|d 1861-1909.
|
| 999 |
|
|
|a MARS
|
| 999 |
f |
f |
|s fb221053-e29e-3ceb-a930-959a69c36475
|i e87db826-776d-3e6e-9bff-afcfa580fe1d
|t 0
|
| 952 |
f |
f |
|p noncirc
|a Texas A&M University
|b College Station
|c Cushing Memorial Library & Archives
|d Cushing: Kelsey Illustrators (Does not check out)
|t 0
|e F119 .W23
|h Library of Congress classification
|i unmediated -- volume
|m A14800318329
|
| 998 |
f |
f |
|a F119 .W23
|t 0
|l Cushing: Kelsey Illustrators (Does not check out)
|